Sorolla : (Record no. 57281)
[ view plain ]
| 000 -LEADER | |
|---|---|
| campo de control de longitud fija | 01005nam a2200265 i 4500 |
| 001 - NÚMERO DE CONTROL | |
| campo de control | 57281 |
| 003 - IDENTIFICADOR DE NÚMERO DE CONTROL | |
| campo de control | ES-MaACL |
| 005 - FECHA Y HORA DE LA ÚLTIMA TRANSACCIÓN | |
| campo de control | 20250717114911.0 |
| 007 - CAMPO FIJO DE DESCRIPCIÓN FÍSICA--INFORMACIÓN GENERAL | |
| campo de control de longitud fija | t| |
| 008 - DATOS DE LONGITUD FIJA--INFORMACIÓN GENERAL | |
| campo de control de longitud fija | 031015s1910 sp f 00110bspa d |
| 080 ## - NÚMERO DE LA CLASIFICACIÓN DECIMAL UNIVERSAL | |
| Número de la Clasificación Decimal Universal | 929:75 Sorolla, Joaquín |
| 100 1# - ENTRADA PRINCIPAL--NOMBRE DE PERSONA | |
| Nombre de persona | Domenech, Rafael. |
| 9 (RLIN) | 45083 |
| 245 10 - MENCIÓN DEL TÍTULO | |
| Título | Sorolla : |
| Resto del título | su vida y su arte / |
| Mención de responsabilidad, etc. | por Rafael Doménech. |
| 260 ## - PUBLICACIÓN, DISTRIBUCIÓN, ETC. | |
| Lugar de publicación, distribución, etc. | Madrid : |
| Nombre del editor, distribuidor, etc. | Leoncio Miguel, |
| Fecha de publicación, distribución, etc. | 1910. |
| 300 ## - DESCRIPCIÓN FÍSICA | |
| Extensión | XXXVI p., 87 p. de lám. ; |
| Dimensiones | 28 cm. |
| 490 1# - MENCIÓN DE SERIE | |
| Mención de serie | Biblioteca de arte español / dirigida por Rafael Doménech ; |
| Designación de volumen o secuencia | 1 |
| 530 ## - NOTA DISPONIBLE DE FORMULARIO FÍSICO ADICIONAL | |
| Nota de formato físico adicional disponible | Disponible en formato digital. |
| 599 ## - NOTA A LAS ILUSTRACIONES | |
| NOTA A LAS ILUSTRACIONES | En port.: 116 ilustraciones |
| 600 14 - PUNTO DE ACCESO ADICIONAL DE MATERIA--NOMBRE DE PERSONA | |
| Nombre de persona | Sorolla, Joaquín, |
| Fechas asociadas al nombre | 1863-1923 |
| 9 (RLIN) | 107418 |
| 830 1# - PUNTO DE ACCESO ADICIONAL DE SERIE-TÍTULO UNIFORME | |
| Título uniforme | Biblioteca de arte español / dirigida por Rafael Doménech ; |
| Designación de volumen o secuencia | 1 |
| 9 (RLIN) | 227198 |
| 852 4# - LOCALIZACIÓN | |
| Ubicación | ES-MaACL |
| Número de control de estantería | F-12928 |
| Ubicación en estantería | Sala Pecera Planta 2 |
| Nota libre | Revisado enlace: 17 de julio de 2025 |
| 856 4# - LOCALIZACIÓN Y ACCESO ELECTRÓNICOS | |
| Identificador Uniforme de Recursos | <a href="http://bdh-rd.bne.es/viewer.vm?id=0000205015&page=1 ">http://bdh-rd.bne.es/viewer.vm?id=0000205015&page=1 </a> |
| Texto de enlace | Biblioteca Digital Hispánica |
| 942 ## - ELEMENTOS DE ENTRADA SECUNDARIOS (KOHA) | |
| Fuente del sistema de clasificación o colocación | Clasificación decimal universal |
| Estatus retirado | Estado de pérdida | Estado de daño | No para préstamo | Colección | Biblioteca de origen | Biblioteca actual | Ubicación en estantería | Fecha de adquisición | Fuente de adquisición | Total de préstamos | Signatura topográfica completa | Código de barras | Visto por última vez | Precio de reemplazo | Tipo de ítem Koha |
|---|---|---|---|---|---|---|---|---|---|---|---|---|---|---|---|
| Colección digital | Biblioteca del Ateneo de Madrid | Biblioteca del Ateneo de Madrid | Sala Pecera Planta 2 | 17/01/2008 | F-12928 | 1060142 | 23/02/2023 | 23/02/2023 | Libro impreso |
